Places in Greater London — Sudden Death - Statistics

General Stats
  • This quiz has been taken 3,961 times
    2,000 since last reset
  • The average score is 10 of 21
Answers on the Grid
Answers color-coded by a green-red scale on the quiz's grid according to % correct below.
Edgware
Bexleyheath
Rickmansworth
Barking
Chertsey
Gravesend
Edmonton
Wealdstone
Mitcham
Brentwood
Ilford
Carshalton
Woking
Southall
Chigwell
Biggin Hill
Chingford
Enfield
Teddington
Dartford
Erith
Beaconsfield
Theydon Bois
Ruislip
Sidcup
Walton-on-Thames
Watford
Uxbridge
Cheshunt
Upminster
West Thurrock
Epsom
Tolworth
South Woodford
Loughton
Pinner
 
Answer Stats
Answer % Correct
London Borough of Barnet Edgware
84%
London Borough of Barking and Dagenham Barking
77%
London Borough of Enfield Enfield
63%
London Borough of Redbridge Ilford
62%
London Borough of Bexley Bexleyheath
60%
London Borough of Ealing Southall
56%
London Borough of Enfield Edmonton
52%
London Borough of Merton Mitcham
52%
London Borough of Hillingdon Uxbridge
50%
London Borough of Hillingdon Ruislip
49%
London Borough of Havering Upminster
47%
London Borough of Waltham Forest Chingford
44%
London Borough of Richmond upon Thames Teddington
39%
London Borough of Redbridge South Woodford
37%
London Borough of Harrow Wealdstone
37%
London Borough of Harrow Pinner
33%
London Borough of Sutton Carshalton
28%
London Borough of Bexley Sidcup
28%
London Borough of Bromley Biggin Hill
23%
London Borough of Bexley Erith
23%
Royal Borough of Kingston upon Thames Tolworth
15%
No matching quizzes found
Score Distribution
Percent of People with Each Score
Percentile by Number Answered
Your Score History
You have not taken this quiz since the last reset